000 01439nam1a2200325 i 4500
001 RU\NLR\BIBL_A\012746545
005 20260406095140.0
010 _a9785090910767
035 _a(NLR Aleph) 012746545
090 _a13018651
_c13018651
100 _a20220331g2022 c y0rusy50 ca
101 0 _arus
102 _aRU
105 _a j
181 0 _ai
_baxxe
182 0 _an
200 1 _aОкружающий мир
_e2 класс
_eучебник
_eв двух частях
_eсоответствует Федеральному государственному образовательному стандарту начального общего образования
_fГ. Г. Ивченкова, И. В. Потапов
203 _aТекст
_bвизуальный
_cнепосредственный
205 _a7-е изд., стер.
210 _aМосква
_cПросвещение
_d2022
215 _d25
225 1 _aФГОС
606 1 _aЕстествознание
_jУчебники для начальной школы
_91049255
_3RU\NLR\AUTH\6687283
686 1 _aБ.я71-1
700 1 _8rus
_7ca
_aИвченкова
_bГ. Г.
_gГалина Григорьевна
_3RU\NLR\AUTH\7771269
_954197
701 1 _8rus
_7ca
_aПотапов
_bИ. В.
_gИгорь Владимирович
_3RU\NLR\AUTH\7771275
_954203
852 _aNLR
_j2022-7/2452
942 _cBOOK